000 00743nam a2200229 a 4500
001 63471
003 BD-RjUL
005 20211209081212.0
008 170130s1933 enk 000 0 eng d
035 _a(BD-RjUL)63600
035 _a1974072
040 _aABN:1
_beng
_cABN:1
_dBD-RjUL
041 _aeng
082 0 4 _a828.8
_223
_bSEL 1933
245 1 0 _aSelections from Macaulay :
_bletters, prose, speeches and poetry /
_cedited with an introduction and notes by E.V. Downs and G.L. Davies.
260 _aLondon :
_bMethuen & Co.,
_c1933.
300 _aviii, 220 p. ;
_c18 cm.
650 0 _aEnglish literature
_y19th century.
_9188795
700 1 _aDavies, G. L.
_q(Geoffrey Lance)
_9188796
700 1 _aDowns, E. V.
_9188797
942 _2ddc
_cBK
999 _c63471
_d63471